[Event "Pan American-ch U20"]
[Site "Vila Santa Cecilia"]
[Date "2023.11.11"]
[Round "9.11"]
[White "Reyes Zavaleta, Cristhian Yamil"]
[Black "Casalaspro, Mathias Andre"]
[Result "1-0"]
[WhiteElo "1804"]
[BlackElo "2060"]
[PlyCount "107"]
[EventDate "2023.11.06"]
[EventType "swiss"]
[EventRounds "9"]
[EventCountry "BRA"]
[SourceTitle "CB46_2023"]
[SourceDate "2023.11.15"]
[SourceVersion "1"]
[SourceVersionDate "2023.11.15"]
[SourceQuality "1"]

1. d4 Nf6 2. c4 g6 3. Nc3 Bg7 4. e4 d6 5. Nf3 0-0 6. Be2 Nbd7 7. 0-0 e5 8. dxe5 dxe5 9. b4 c6 10. c5 Re8 11. Qb3 Qc7 12. a4 Nf8 13. b5 Ne6 14. Qb4 Bf8 15. a5 Nxc5 16. Qb1 Ne6 17. Be3 c5 18. Bc4 Nd4 19. Ng5 Be6 20. Nxe6 fxe6 21. b6 Qd8 22. Na4 a6 23. f3 Kh8 24. Qa2 Qd7 25. Rfc1 Rac8 26. Bf1 Rc6 27. Rc4 Rec8 28. Nb2 Qf7 29. Nd3 Nd7 30. Rac1 Bd6 31. Be2 Qf8 32. Bd1 Nxb6 33. axb6 Rxb6 34. Qf2 Rbc6 35. f4 Qg7 36. Nxe5 Bxe5 37. fxe5 Qxe5 38. Rxd4 Qg7 39. Rdc4 b6 40. Bg4 Rf8 41. Qe2 e5 42. Rf1 h5 43. Rxf8+ Qxf8 44. Bf3 b5 45. Rc1 c4 46. Rf1 Rf6 47. Qb2 Qe8 48. Bg5 Rd6 49. Be2 Kg7 50. Qc1 Qd7 51. Qe3 Re6 52. Qg3 Qd4+ 53. Kh1 c3 54. Qf3 1-0

[Event "Pan American-ch U20"]
[Site "Vila Santa Cecilia"]
[Date "2023.11.10"]
[Round "7.10"]
[White "Vasquez Vargas, Henry Richard"]
[Black "Reyes Zavaleta, Cristhian Yamil"]
[Result "1-0"]
[WhiteElo "2216"]
[BlackElo "1804"]
[PlyCount "143"]
[EventDate "2023.11.06"]
[EventType "swiss"]
[EventRounds "9"]
[EventCountry "BRA"]
[SourceTitle "CB46_2023"]
[SourceDate "2023.11.15"]
[SourceVersion "1"]
[SourceVersionDate "2023.11.15"]
[SourceQuality "1"]

1. d4 d5 2. Nc3 Nf6 3. Bf4 c6 4. e3 Bg4 5. f3 Bh5 6. g4 Bg6 7. h4 h6 8. Bd3 Bxd3 9. Qxd3 e6 10. Nge2 Bd6 11. 0-0-0 Na6 12. e4 Bxf4+ 13. Nxf4 dxe4 14. fxe4 Qc7 15. e5 0-0-0 16. Qf3 Nd7 17. Ne4 Kb8 18. Kb1 Nb6 19. Nd6 Nc8 20. Nxc8 Kxc8 21. Rhe1 g6 22. c4 Rhe8 23. c5 Rd7 24. h5 g5 25. Ne2 Qa5 26. a3 Red8 27. Rc1 Nc7 28. Red1 Nd5 29. Ng3 Nf4 30. Ne4 Kb8 31. Nd6 Rf8 32. Qe4 Qa4 33. Qh7 Ne2 34. Qxh6 Rfd8 35. Qxg5 Nc3+ 36. Rxc3 Qxd1+ 37. Ka2 Qxd4 38. h6 Qd5+ 39. Ka1 a5 40. Rc1 Qd3 41. Qf6 Ka7 42. Rh1 Qd5 43. Rc1 Qd3 44. g5 Rb8 45. Qg7 Rdd8 46. h7 Rh8 47. Rh1 Qf3 48. Qh6 b6 49. Qh3 Qxh3 50. Rxh3 Rbf8 51. Kb1 bxc5 52. Kc2 Kb6 53. Kc3 c4 54. Kxc4 c5 55. b3 Kc6 56. Rh4 a4 57. b4 cxb4 58. axb4 a3 59. b5+ Kb6 60. Kb3 Kc5 61. Kxa3 Kd5 62. Kb4 Kxe5 63. Kc5 Rc8+ 64. Nxc8 Rxc8+ 65. Kb4 Rh8 66. b6 Kd6 67. b7 Kc6 68. Kc4 Kxb7 69. Kd4 Kc7 70. Ke5 Kd7 71. Kf6 e5 72. Kg7 1-0

[Event "Pan American-ch School U13 12th"]
[Site "Callao"]
[Date "2023.10.19"]
[Round "6"]
[White "Montano Velasco, Matias Khaleb"]
[Black "Reyes Zavaleta, Cristhian Yamil"]
[Result "1-0"]
[WhiteElo "1616"]
[BlackElo "1858"]
[PlyCount "64"]
[EventDate "2023.10.16"]
[EventType "swiss"]
[EventRounds "9"]
[EventCountry "PER"]
[SourceTitle "Mega2024 Update 01"]
[Source "Chessbase"]
[SourceDate "2023.11.12"]
[SourceVersion "1"]
[SourceVersionDate "2023.11.12"]
[SourceQuality "1"]

1. c4 Nf6 2. Nc3 e6 3. e4 d5 4. cxd5 exd5 5. e5 Ng4 6. d4 c6 7. h3 Nh6 8. Bxh6 gxh6 9. g3 Be7 10. Bg2 Qb6 11. Qd2 Rg8 12. Nge2 Bf5 13. 0-0 h5 14. Kh2 Na6 15. f4 0-0-0 16. Bf3 Bg6 17. h4 Nc7 18. f5 Bxf5 19. Bxh5 Bg6 20. Bxg6 fxg6 21. Rf7 Rd7 22. e6 Nxe6 23. Qe3 c5 24. Rxe7 cxd4 25. Qxe6 Qxe6 26. Rxe6 dxc3 27. bxc3 Rf8 28. Kg2 Rg8 29. Re3 Kc7 30. Rd1 Rdd8 31. Nd4 Kd6 32. Rde1 Rc8 1-0

[Event "Pan American-ch School U13 12th"]
[Site "Callao"]
[Date "2023.10.16"]
[Round "1"]
[White "Reyes Zavaleta, Cristhian Yamil"]
[Black "Bocanegra Reyes, Thiago Stephano"]
[Result "1/2-1/2"]
[WhiteElo "1858"]
[BlackElo "1183"]
[PlyCount "31"]
[EventDate "2023.10.16"]
[EventType "swiss"]
[EventRounds "9"]
[EventCountry "PER"]
[SourceTitle "Mega2024 Update 01"]
[Source "Chessbase"]
[SourceDate "2023.11.12"]
[SourceVersion "1"]
[SourceVersionDate "2023.11.12"]
[SourceQuality "1"]

1. d4 Nf6 2. c4 g6 3. Nc3 Bg7 4. e4 d6 5. Nf3 0-0 6. Be2 Nbd7 7. 0-0 c6 8. Qc2 Qc7 9. b4 b6 10. Bb2 Bb7 11. Rad1 a6 12. h3 Rad8 13. e5 dxe5 14. dxe5 Ne8 15. e6 fxe6 16. Ng5 1/2-1/2

[Event "PER-ch"]
[Site "Lima"]
[Date "2023.09.02"]
[Round "6"]
[White "Reyes Zavaleta, Cristhian Yamil"]
[Black "Pillaca Cabrera, Rodrigo Gerardo"]
[Result "1-0"]
[WhiteElo "1771"]
[BlackElo "1949"]
[PlyCount "103"]
[EventDate "2023.08.29"]
[EventType "swiss"]
[EventRounds "9"]
[EventCountry "PER"]
[SourceTitle "EXT 2024"]
[Source "ChessBase"]
[SourceDate "2023.10.10"]
[SourceVersion "1"]
[SourceVersionDate "2023.10.10"]
[SourceQuality "1"]

1. d4 Nf6 2. c4 e6 3. g3 d5 4. Bg2 Bb4+ 5. Bd2 Be7 6. Nf3 0-0 7. b3 dxc4 8. bxc4 c5 9. dxc5 Nc6 10. 0-0 Bxc5 11. Bg5 Qxd1 12. Rxd1 Ne4 13. Be3 Bxe3 14. fxe3 e5 15. Na3 Nc3 16. Rd2 Be6 17. Rc1 Ne4 18. Rb2 Nc5 19. Ng5 Bd7 20. Rd1 Rad8 21. Rd5 b6 22. Rxd7 Rxd7 23. Bxc6 Rd1+ 24. Kg2 Rc1 25. Bd5 h6 26. Ne4 Nxe4 27. Bxe4 Rd8 28. Bd5 Kf8 29. Rc2 Rxc2 30. Nxc2 Rc8 31. Nb4 Rc5 32. Nc6 f6 33. Nxa7 Ra5 34. Nc8 Ra6 35. a4 Rxa4 36. Nxb6 Ra2 37. Kf2 Ke7 38. c5 Rc2 39. Nc8+ Kd7 40. Nb6+ Kc7 41. Nc4 f5 42. Be6 e4 43. Nd6 g6 44. Nb5+ Kd8 45. Bf7 Rxc5 46. Nd4 Ke7 47. Bxg6 Kf6 48. Bxf5 Rxf5+ 49. Nxf5 Kxf5 50. h3 Kf6 51. g4 h5 52. gxh5 1-0

[Event "PER-ch"]
[Site "Lima"]
[Date "2023.09.01"]
[Round "5"]
[White "Lapa Cunias, Marco Antonio"]
[Black "Reyes Zavaleta, Cristhian Yamil"]
[Result "1/2-1/2"]
[WhiteElo "1501"]
[BlackElo "1771"]
[PlyCount "77"]
[EventDate "2023.08.29"]
[EventType "swiss"]
[EventRounds "9"]
[EventCountry "PER"]
[SourceTitle "EXT 2024"]
[Source "ChessBase"]
[SourceDate "2023.10.10"]
[SourceVersion "1"]
[SourceVersionDate "2023.10.10"]
[SourceQuality "1"]

1. e4 e6 2. d4 d5 3. exd5 exd5 4. Bd3 Bd6 5. h3 Ne7 6. Nf3 Bf5 7. Nc3 Qd7 8. Nb5 Nbc6 9. Nxd6+ Qxd6 10. c3 0-0-0 11. Qc2 Qg6 12. Bxf5+ Nxf5 13. g4 Rde8+ 14. Kd1 Nd6 15. Qxg6 hxg6 16. Bf4 Ne4 17. Be3 f5 18. gxf5 gxf5 19. Kc2 f4 20. Bd2 Nxf2 21. Rh2 Ne4 22. Rg1 Ng3 23. Kd3 Rhf8 24. h4 Rf5 25. Ng5 Ne4 26. Rf1 Nxd2 27. Kxd2 Rh8 28. Ne6 g5 29. h5 Rh6 30. Nc5 g4 31. Rh4 b6 32. Nd3 Rfxh5 33. Rxg4 Rh2+ 34. Rf2 f3 35. Rf4 Na5 36. b3 R6h3 37. R4xf3 Rxf2+ 38. Rxf2 Rh1 39. Ke3 1/2-1/2

[Event "PER-ch"]
[Site "Lima"]
[Date "2023.08.30"]
[Round "2"]
[White "Reyes Zavaleta, Cristhian Yamil"]
[Black "Reyes Zavaleta, Fabian Ricardo"]
[Result "0-1"]
[WhiteElo "1771"]
[BlackElo "2038"]
[PlyCount "38"]
[EventDate "2023.08.29"]
[EventType "swiss"]
[EventRounds "9"]
[EventCountry "PER"]
[SourceTitle "EXT 2024"]
[Source "ChessBase"]
[SourceDate "2023.10.10"]
[SourceVersion "1"]
[SourceVersionDate "2023.10.10"]
[SourceQuality "1"]

1. d4 Nf6 2. c4 g6 3. g3 c6 4. Bg2 d5 5. cxd5 cxd5 6. Nc3 Bg7 7. Nf3 0-0 8. 0-0 Nc6 9. a3 Ne4 10. Nxe4 dxe4 11. Ng5 Nxd4 12. Nxe4 Qb6 13. Nc3 Be6 14. Be3 Rfd8 15. Qb1 Rac8 16. Bxd4 Rxd4 17. e3 Rd2 18. Na4 Qb3 19. Qe4 Rc4 0-1

[Event "PER-ch"]
[Site "Lima"]
[Date "2023.08.29"]
[Round "1"]
[White "Paiva Benites, Felix Paul"]
[Black "Reyes Zavaleta, Cristhian Yamil"]
[Result "0-1"]
[WhiteElo "1504"]
[BlackElo "1771"]
[PlyCount "42"]
[EventDate "2023.08.29"]
[EventType "swiss"]
[EventRounds "9"]
[EventCountry "PER"]
[SourceTitle "EXT 2024"]
[Source "ChessBase"]
[SourceDate "2023.10.10"]
[SourceVersion "1"]
[SourceVersionDate "2023.10.10"]
[SourceQuality "1"]

1. e4 e6 2. d3 d5 3. Nd2 Nf6 4. g3 c5 5. Bg2 Be7 6. Ngf3 Nc6 7. 0-0 0-0 8. Re1 b5 9. Nf1 dxe4 10. dxe4 Bb7 11. Bf4 Qb6 12. Ne5 Rad8 13. Qc1 Nxe5 14. Bxe5 Ng4 15. Bf4 c4 16. Be3 Bc5 17. Bxc5 Qxc5 18. Qf4 h5 19. e5 Bxg2 20. Kxg2 f6 21. Rad1 fxe5 0-1

[Event "South America-ch U12 17th"]
[Site "Guayaquil"]
[Date "2022.01.30"]
[Round "9"]
[White "Reyes Zavaleta, Cristhian Yamil"]
[Black "Ulloa Centeno, Luis Manuel"]
[Result "0-1"]
[WhiteElo "1313"]
[BlackElo "1301"]
[PlyCount "86"]
[EventDate "2022.01.25"]
[EventType "swiss"]
[EventRounds "9"]
[EventCountry "ECU"]
[SourceTitle "CBM 206 Extra"]
[Source "ChessBase"]
[SourceDate "2022.03.31"]
[SourceVersion "1"]
[SourceVersionDate "2022.03.31"]
[SourceQuality "1"]

1. c4 e6 2. Nc3 f5 3. g3 Nf6 4. Bg2 c6 5. Nf3 d5 6. cxd5 cxd5 7. e3 Nc6 8. 0-0 Bd6 9. b3 0-0 10. Bb2 a6 11. a3 Bd7 12. b4 b5 13. Qb3 Be8 14. Rac1 Rc8 15. Ng5 Bf7 16. Ne2 Ne4 17. Nxf7 Rxf7 18. Bxe4 fxe4 19. d3 exd3 20. Qxd3 Ne5 21. Bxe5 Bxe5 22. Nd4 Bxd4 23. exd4 Rfc7 24. Rc5 h6 25. Rfc1 Qd7 26. Qe3 Rxc5 27. dxc5 d4 28. Qd3 Qd5 29. Re1 Re8 30. f4 Qc4 31. Rd1 Kf7 32. Kf2 Kf6 33. Kf3 Qd5+ 34. Qe4 Qh5+ 35. g4 Qh3+ 36. Ke2 Qxh2+ 37. Kd3 Qg3+ 38. Ke2 Qxg4+ 39. Kd2 d3 40. Qe5+ Ke7 41. Re1 Qg2+ 42. Ke3 Qg3+ 43. Ke4 Qxe1+ 0-1

[Event "South America-ch U12 17th"]
[Site "Guayaquil"]
[Date "2022.01.27"]
[Round "4"]
[White "Mancheno Barahona, Matias Gabriel"]
[Black "Reyes Zavaleta, Cristhian Yamil"]
[Result "1/2-1/2"]
[WhiteElo "1310"]
[BlackElo "1313"]
[PlyCount "42"]
[EventDate "2022.01.25"]
[EventType "swiss"]
[EventRounds "9"]
[EventCountry "ECU"]
[SourceTitle "CBM 206 Extra"]
[Source "ChessBase"]
[SourceDate "2022.03.31"]
[SourceVersion "1"]
[SourceVersionDate "2022.03.31"]
[SourceQuality "1"]

1. g3 e5 2. Bg2 Nf6 3. c4 Bc5 4. Nc3 Nc6 5. d3 h6 6. Nf3 d6 7. Na4 Bb4+ 8. Bd2 Bxd2+ 9. Nxd2 Bd7 10. Nc3 Rb8 11. Rb1 a6 12. b4 0-0 13. 0-0 Qc8 14. Re1 Ne7 15. Nd5 Nfxd5 16. cxd5 f5 17. Rc1 Qd8 18. Qc2 Rc8 19. Nc4 b6 20. Qb3 Kh8 21. Rc3 f4 1/2-1/2

[Event "South America-ch U10 16th"]
[Site "Buenos Aires"]
[Date "2019.12.04"]
[Round "6.10"]
[White "Lanzilotta, Filippo"]
[Black "Reyes Zavaleta, Cristhian Yamil"]
[Result "0-1"]
[WhiteElo "1190"]
[BlackElo "1312"]
[PlyCount "110"]
[EventDate "2019.12.01"]
[EventType "swiss"]
[EventRounds "9"]
[EventCountry "ARG"]
[SourceTitle "EXT 2024"]
[Source "ChessBase"]
[SourceDate "2023.10.10"]
[SourceVersion "1"]
[SourceVersionDate "2023.10.10"]
[SourceQuality "1"]

1. e4 e5 2. Nf3 Nc6 3. Bc4 Bc5 4. Nc3 Nf6 5. d3 0-0 6. Bg5 Be7 7. Be3 d6 8. h3 h6 9. 0-0 Be6 10. Bxe6 fxe6 11. d4 exd4 12. Nxd4 Nxd4 13. Bxd4 e5 14. Be3 Qd7 15. Qe2 a6 16. Rad1 b5 17. f4 Qc6 18. Qd3 Rad8 19. Nd5 Nxd5 20. Qxd5+ Qxd5 21. Rxd5 Bf6 22. fxe5 Bxe5 23. Rxf8+ Rxf8 24. Bd4 c6 25. Rxe5 dxe5 26. Bxe5 Re8 27. Bc3 Rxe4 28. Kf2 c5 29. Kf3 Re8 30. g4 Kf7 31. a3 g6 32. Bd2 h5 33. Be3 hxg4+ 34. hxg4 c4 35. Bd2 Rd8 36. Bb4 Ke6 37. Ke4 Rd1 38. b3 cxb3 39. cxb3 Rb1 40. Kd4 Rxb3 41. Kc5 a5 42. Bxa5 Rxa3 43. Kxb5 Rxa5+ 44. Kxa5 Ke5 45. Kb4 Kf4 46. Kc3 Kxg4 47. Kd2 Kh3 48. Ke3 g5 49. Kf2 g4 50. Kg1 Kg3 51. Kh1 Kf2 52. Kh2 g3+ 53. Kh1 g2+ 54. Kh2 g1Q+ 55. Kh3 Qg3# 0-1

[Event "Pan American-ch School U09"]
[Site "Medellin"]
[Date "2019.11.16"]
[Round "8.2"]
[White "Reyes Zavaleta, Cristhian Yamil"]
[Black "Ruiz Agudelo, Jeronimo"]
[Result "1/2-1/2"]
[WhiteElo "1335"]
[BlackElo "1362"]
[PlyCount "105"]
[EventDate "2019.11.12"]
[EventType "swiss"]
[EventRounds "9"]
[EventCountry "COL"]
[SourceTitle "EXT 2024"]
[Source "ChessBase"]
[SourceDate "2023.10.10"]
[SourceVersion "1"]
[SourceVersionDate "2023.10.10"]
[SourceQuality "1"]

1. c4 c5 2. Nc3 Nf6 3. g3 d5 4. cxd5 Nxd5 5. Bg2 Nc7 6. Nf3 Nc6 7. d3 e5 8. 0-0 Be7 9. Be3 Be6 10. a3 0-0 11. Na4 b6 12. Nc3 Rc8 13. Rb1 f6 14. Nd2 Nd4 15. Re1 Qd7 16. b3 Nd5 17. Nxd5 Bxd5 18. a4 Bxg2 19. Kxg2 Qb7+ 20. Kg1 Rfd8 21. Qc1 Qd5 22. Qb2 Kh8 23. Nc4 Rb8 24. Na3 Rb7 25. Rec1 Kg8 26. Bxd4 Qxd4 27. Qxd4 exd4 28. Kg2 Re8 29. Rc2 Kf7 30. Kf3 Bf8 31. h4 Kg8 32. Rbb2 a6 33. Nb1 Rbe7 34. Na3 Rb7 35. Nc4 g6 36. Nd2 f5 37. Nc4 Kg7 38. Kg2 Kg8 39. f3 Kg7 40. Kf2 Kg8 41. Kg2 Kh8 42. Kf2 Kg8 43. Rc1 Re6 44. Rcc2 Re8 45. Na3 Re6 46. Nc4 Kh8 47. Kg2 Kg8 48. Na3 Kh8 49. Kh3 Kg8 50. Kg2 Kh8 51. Nc4 Kg8 52. Kf2 Kh8 53. Na3 1/2-1/2

[Event "Wch U08"]
[Site "Santiago de Compostela"]
[Date "2018.11.04"]
[Round "1"]
[White "Reyes Zavaleta, Cristhian Yamil"]
[Black "Zverev, Lev"]
[Result "0-1"]
[WhiteElo "1117"]
[BlackElo "1723"]
[PlyCount "90"]
[EventDate "2018.11.04"]
[EventType "swiss"]
[EventRounds "11"]
[EventCountry "ESP"]
[SourceTitle "EXT 2022"]
[Source "ChessBase"]
[SourceDate "2021.10.06"]
[SourceVersion "1"]
[SourceVersionDate "2021.10.06"]
[SourceQuality "1"]

1. c4 e6 2. Nc3 d5 3. d3 c6 4. Nf3 Nf6 5. g3 Bd6 6. Bg2 0-0 7. 0-0 h6 8. Bd2 a6 9. Qc1 e5 10. cxd5 cxd5 11. Nh4 Bb4 12. a3 Bxc3 13. Bxc3 Nc6 14. Nf3 Re8 15. Nd2 d4 16. Bb4 Nxb4 17. axb4 Re7 18. Qb1 Be6 19. Ra3 Bd5 20. Qa1 Bxg2 21. Kxg2 Qb6 22. Rb3 Rc8 23. Rc1 Rxc1 24. Qxc1 Rc7 25. Qd1 Qc6+ 26. Nf3 Nd7 27. Kg1 Qa4 28. Nd2 a5 29. bxa5 Nc5 30. Qc2 Rc6 31. Kg2 Nxb3 32. Qxb3 Qxb3 33. Nxb3 Rc2 34. Kf3 Rxb2 35. Nc5 Rb5 36. Nd7 Rxa5 37. Ke4 f6 38. f4 Kf7 39. Nb6 Ke6 40. f5+ Ke7 41. h4 Ra6 42. Nc4 b5 43. Nb2 Ra2 44. Nd1 Rxe2+ 45. Kd5 Rd2 0-1